| 000 | 00888nam a22002537a 4500 | ||
|---|---|---|---|
| 999 |
_c6073 _d6073 |
||
| 003 | AR-CdUCM | ||
| 008 | 190313b ||||| |||| 00| 0 spa d | ||
| 020 | _a84-320-2212-2 | ||
| 040 |
_aMUNICIPALIDAD PROVINCIAL DEL CUSCO _cBIBLIOTECA MUNICIPAL DEL CUSCO |
||
| 082 |
_a868.6 / _bS38 |
||
| 100 |
_aSemprún, Jorge _917683 |
||
| 245 | _aAutobiografía de Federico Sánchez : | ||
| 260 |
_aBarcelona : _bPlaneta, _c1977. |
||
| 300 |
_a283 paginas ; _c18 cm. |
||
| 440 |
_aColección popular _93783 |
||
| 500 | _aDonación de la familia Nieto | ||
| 505 | _aPasionaria ha perdido la palabra --Concepción bahamonde numero cinco -- Para conocimiento exclusiva del comité central -- Intermedio en el ampurdan ... | ||
| 650 |
_aLiteratura española _9362 |
||
| 650 |
_aNovelas españolas _9584 |
||
| 650 |
_aSiglo XX. _98 |
||
| 650 |
_aNovela _95 |
||
| 942 |
_2ddc _cLIBROS |
||
| 945 | _aacv | ||